Denunciamos la actitud irresponsable de los partidos políticos mayoritarios y del poder ejecutivo

Na minha lista:
Detalhes bibliográficos
Autor Corporativo: Sindicato de Empleados de la Universidad de Costa Rica
Formato: Texto
Publicado em: San Pedro de M. de O. :
Tags: Adicionar Tag
Sem tags, seja o primeiro a adicionar uma tag!

MARC

LEADER 00000 a a2200000 04500
001 14188
003
040 |a CRAI/IIS  |c CRAI/IIS 
090 |a 020700  
110 |a Sindicato de Empleados de la Universidad de Costa Rica  
245 |a Denunciamos la actitud irresponsable de los partidos políticos mayoritarios y del poder ejecutivo  
260 |a San Pedro de M. de O. :  
300 |a 2 p.  
999 |c 15196  |d 15196